Korea: (Record no. 10535)

MARC details
000 -LEADER
fixed length control field 00894 a2200229 4500
010 ## - LIBRARY OF CONGRESS CONTROL NUMBER
LC control number ENG-89385
020 ## - INTERNATIONAL STANDARD BOOK NUMBER
International Standard Book Number 8178271702
Terms of availability 700.00
035 ## - SYSTEM CONTROL NUMBER
System control number EN-72918
037 ## - SOURCE OF ACQUISITION
Source of stock number/acquisition DBAD / PUB
082 14 - DEWEY DECIMAL CLASSIFICATION NUMBER
Classification number 338.9519
090 ## - LOCALLY ASSIGNED LC-TYPE CALL NUMBER (OCLC); LOCAL CALL NUMBER (OCLC)
-- 10835
-- 10835
245 1# - TITLE STATEMENT
Title Korea:
Remainder of title in search of a global role/
Statement of responsibility, etc edited by Sushila Narsimhan [and] Kim Do Young
260 ## - PUBLICATION, DISTRIBUTION, ETC. (IMPRINT)
Place of publication, distribution, etc Delhi
Name of publisher, distributor, etc Department of East Asian Studies( University of Delhi)
Date of publication, distribution, etc 2007
260 ## - PUBLICATION, DISTRIBUTION, ETC. (IMPRINT)
Place of publication, distribution, etc New Delhi
Name of publisher, distributor, etc Manak Publications
Date of publication, distribution, etc 2007
270 ## - ADDRESS
Address B-7, Saraswati Complex, Subhash Chowk, Laxmi Nagar,
City New Delhi
State or province Delhi
Postal code 110092
Telephone number 22453894, 22042529
Electronic mail address manak_pulications@hotmail.com
300 ## - PHYSICAL DESCRIPTION
Extent xxv, 222p
Dimensions 21 cm ( Hb.)
500 ## - GENERAL NOTE
General note Includes index
700 1# - ADDED ENTRY--PERSONAL NAME
Personal name Narsimhan, Sushila
700 1# - ADDED ENTRY--PERSONAL NAME
Personal name Young, Kim Do
942 ## - ADDED ENTRY ELEMENTS (KOHA)
Institution code [OBSOLETE] dpl
Koha item type English Books
Call number prefix 338.9519/ KOR
Holdings
Withdrawn status Lost status Source of classification or shelving scheme Damaged status Not for loan Collection code Home library Current library Source of acquisition Cost, normal purchase price Total Checkouts Full call number Barcode Date last seen Copy number Uniform Resource Identifier Cost, replacement price Price effective from Koha item type
    Dewey Decimal Classification   Not For Loan Non-fiction D.B.Act.Division D.B.Act.Division DBAD/PUB 700.00   338.9519 KOR EN-72918 15/09/2008 1 11605 700.00 15/09/2008 English Books

© Delhi Public Library
Hit Counter
free hit counter